000 00280pab a2200109 454500
008 180718b xxu||||| |||| 00| 0 eng d
100 _aRaipuria, Kalyan
245 _aFinancing Eighth Plan: a new approach
650 _aEconomic Development
773 _aEconomic Times
909 _a21704
999 _c21704
_d21704